000 00220nam a2200097Ia 4500
008 190216s9999||||xx |||||||||||||| ||und||
100 _aMydilisadan Gupta
245 0 _aHindi-Muradi
260 _bSahithyasadan
942 _cBK
999 _c17948
_d17948